000
00326nam a2200133Ia 4500
008
240624s9999 xx 000 0 und d
041
_a
eng
082
_a
823 SOL
100
_a
SOLZHENITSYN ALEKSANDR
245
_a
ONE DAY IN THE LIFE OF IVAN DENISOVICH
260
_c
2000
_a
New York
_b
Penguin
300
_a
142
365
_c
RS
999
_c
29216
_d
29216